|
|
|
|
| LEADER |
00762cam a2200205 7i4500 |
| 001 |
0000037799 |
| 005 |
20170218090000.0 |
| 008 |
110406 eng |
| 020 |
|
|
|a 9781933952062 (pbk.)
|
| 090 |
0 |
0 |
|a TR660
|b .B75 2007
|
| 100 |
1 |
|
|a Briot, Alain
|
| 245 |
1 |
0 |
|a Mastering landscape photography :
|b the luminous-landscape essays
|c Alain Briot.
|
| 260 |
|
|
|a Santa Barbara, CA:
|b Rockynook,
|c 2007.
|
| 300 |
|
|
|a 252 p.:
|b col. ill.;
|c 26 cm.
|
| 500 |
|
|
|a Includes index
|
| 650 |
0 |
0 |
|a Landscape photography
|
| 650 |
0 |
0 |
|a Photography --
|x Vocational guidance
|
| 997 |
|
|
|a Communication, Visual Art & Computing, Faculty
|b Visual Art, Department
|
| 998 |
|
|
|a Photographic Technology, Diploma
|
| 999 |
|
|
|a 0000044424
|b BOK
|c OPEN SHELF
|e 2nd Floor, Bestari Jaya
|